Taking action on disrepair (Record no. 84593)

MARC details
000 -LEADER
fixed length control field 00713cab a22002175a 4500
001 - CONTROL NUMBER
control field L158420
008 - FIXED-LENGTH DATA ELEMENTS--GENERAL INFORMATION
fixed length control field 150210e2015 xxk 000 0 eng d
035 ## - SYSTEM CONTROL NUMBER
System control number (Sirsi) u158420
041 0# - LANGUAGE CODE
Language code of text/sound track or separate title eng
100 1# - MAIN ENTRY--PERSONAL NAME
Personal name Glass, Ed
245 00 - TITLE STATEMENT
Title Taking action on disrepair
260 ## - PUBLICATION, DISTRIBUTION, ETC.
Date of publication, distribution, etc. 2015
490 ## - SERIES STATEMENT
Series statement Estates Gazette
Volume/sequential designation (1505) 7 February 2015, 96-97(2)
520 ## - SUMMARY, ETC.
Summary, etc. Discusses the options open to landlords who want to remedy disrepair before lease-end. Includes information about self-help, forfeiture, Section 146 notice and 1938 Act counter-notice.
590 ## - LOCAL NOTE (RLIN)
Local note KA
651 #4 - SUBJECT ADDED ENTRY--GEOGRAPHIC NAME
Geographic name United Kingdom
690 ## - LOCAL SUBJECT ADDED ENTRY--TOPICAL TERM (OCLC, RLIN)
Topical term or geographic name as entry element Landlord and tenant
9 (RLIN) 6252
690 ## - LOCAL SUBJECT ADDED ENTRY--TOPICAL TERM (OCLC, RLIN)
Topical term or geographic name as entry element Dilapidations
9 (RLIN) 6235
700 1# - ADDED ENTRY--PERSONAL NAME
Personal name Hardman, Jeff
942 ## - ADDED ENTRY ELEMENTS (KOHA)
Suppress in OPAC 0
Holdings
Withdrawn status Lost status Source of classification or shelving scheme Damaged status Not for loan Home library Current library Shelving location Date acquired Total Checkouts Full call number Barcode Date last seen Copy number Price effective from Koha item type
    Dewey Decimal Classification     London London Journal article 10/02/2015   L158420 158420-1001 06/08/2019 1 06/08/2019 Journal article